(Go Mining) Every Hyper+ Tier Ore in Realm 1 - Statistics

General Stats
  • This quiz has been taken 12 times
    9 since last reset
  • The average score is 90 of 94
Answer Stats
Answer % Correct
Alternatus
100%
Atomyke
100%
Bonescourge
100%
Calibrite
100%
Chromadiance
100%
Cosmic Fragment
100%
Crimsoniyx
100%
Cryoshade Cluster
100%
Cryptite
100%
Cuboidium
100%
Dualityx
100%
Duplexium
100%
Eclypsil
100%
Elementium
100%
Excalitite
100%
Experiment-78
100%
Falling Starite
100%
Flower of Angels
100%
Frostinium
100%
Frozen Rainbow
100%
Geographite
100%
Geometrite
100%
Gluttomyte
100%
Hexagram
100%
Hviezitar
100%
Hydrinilium
100%
Hyperite
100%
Hypernova
100%
Icidium
100%
Imptite
100%
Infernaforge
100%
Infernium
100%
Jaderald
100%
Jetblaze
100%
Kaleidotite
100%
Katharsis
100%
Luckinium
100%
Matrixite
100%
Monochromian
100%
Necromite
100%
Neogram
100%
Neptunium
100%
Okozmolite
100%
Phantomite
100%
Piercenic
100%
Prismite
100%
Radiatorium
100%
Realitite
100%
Rubixium
100%
SCARY AIR!!!!!! 😨😨
100%
Shade Weaver
100%
Shielidius
100%
Stellarium
100%
Superium
100%
Technolyx
100%
Terminus
100%
The Cycle
100%
Toxid
100%
Treenity
100%
Tundrium
100%
Ultragram
100%
Unstabilite
100%
Vaporgram
100%
Verdaris
100%
Violrine
100%
Virtualis
100%
Vocitus
100%
VY Canis Majoris
100%
Azurile
88%
Azurium
88%
Diamond Space
88%
Distolite
88%
Downpour
88%
Equinite
88%
Gigantite
88%
Hourglass of Balance
88%
Ignis
88%
Iridescence
88%
Irismia
88%
Liminyx
88%
Lunarium
88%
Pyrofavilite
88%
Satelerite
88%
Solarium
88%
Sovereignty
88%
Tenebrosus
88%
Tesserite
88%
The Storm
88%
Zenithinite
88%
Apatilusioax
75%
Flammenwerfite
75%
Hellfire Blossom
75%
Phisoltian
75%
Crimsolianine
63%
No matching quizzes found
Score Distribution
Percent of People with Each Score
Percentile by Number Answered
Your Score History
You have not taken this quiz since the last reset